00417nam a2200193Ia 4500008004000000041000800040082001100048100001000059245004200069260003700111650000900148650000800157650001400165650000700179650000900186650000700195650000800202700001300210210210b1954 xxu||||| |||| 00| 0 eng d aeng a336/51 aCHAND aCo operation in the east and the west aDelhibS. Chand & Co. Ltd.c1954 awest athe aoperation ain aeast aCo aand aKUSHWALA